1123 1574 1934 1804 1526 1994 1709 1686 1672 1356 1840 1398 1787 1206 1320 1429 1716 1136 1585 1585 1080 1704 1170 1918 1114 1745 1795 1957 1538 1068 1821 1302 1500 1186 1378 1195 1349 1247 1289 1362 1437 1357 1249 1814 1476 1646 1379 1834 1387 1964 1791 1224 1058 1660 1636 1752 1127 1306 1422 1164 1001 1195 1759 1259 1048 1912 1382 1980 1607 1789 1661 1316 1649 1165 1741 1970 1139 1123 1193 1044 1606 1080 1091 1428 1699 1941 1757 1147 1878 1477 1642 1362 1611 1681 1869 1045 1681 1462 1185 BCNSPRNW ULIB Ver.6.0+V

เปลี่ยนเป็นภาษาไทย

Change to English
 แสดงรายละเอียดบรรณานุกรม
  กลับหน้าหลัก

Brief Record : Get Marc (ISO 2709) : E-mail record : QR code < ปิดหน้าต่าง
LEADER : 00000nam 2200000uu 4500
001    13399112468
003     ULIB
008    110817s2544||||th 000 0 tha d
050 04 HN700.55^bศ812ร 2544
245 00 รายงานคุณภาพชีวิตของคนไทยปี 2544 จากข้อมูลความจำเป็นพื้นฐาน (จปฐ.) /^cคณะอนุกรรมการแผนพัฒนาระดับภูมิภาคและท้องถิ่น คณะกรรมการอำนวยการงานพัฒนาคุณภาพชีวิตของประชาชนในชนบท
246 31 รายงานคุณภาพชีวิตของคนไทย จากข้อมูลความจำเป็นพื้นฐาน (จปฐ.)
260    กรุงเทพฯ :^bศูนย์ข้อมูลเพื่อการพัฒนาชนบทกระทรวงมหาดไทยกรมการพัฒนาชุมชน กระทรวงมหาดไทย,^c2544
300    189 หน้า :^bภาพประกอบ ;^c30 ซม
650  7 คุณภาพชีวิต^zไทย
650  7 ความจำเป็นพื้นฐาน^zไทย
650  7 social sciences
710 2  คณะกรรมการอำนวยการงานพัฒนาคุณภาพชีวิตของประชาชนในชนบท
710 2  กระทรวงมหาดไทย.^bกรมการพัฒนาชุมชน
740 0  คุณภาพชีวิตของคนไทย ปี 2544 จากข้อมูลความจำเป็นพื้นฐาน (จปฐ.)
945    ^p0^l0^i019414
995    ทศพร
999 ^a ทศพร
รายการนี้ยังไม่มีแท็ก
คุณยังไม่ได้ล็อกอิน คุณสามารถมีกิจกรรมร่วมกับเว็บไซต์ได้ แต่ต้องล็อกอินก่อน ::
  ล็อกอิน

รายการสื่อสารสนเทศ

ลำดับที่ ประเภท เลขเรียก/บาร์โค้ด สถานที่ สถานะ
- ไม่พบข้อมูล -

รายการใกล้เคียง
    หัวเรื่อง [social sciences]

BibComment


ยังไม่เคยถูกคอมเมนท์

คอมเมนท์ทรัพยากรรายการนี้
  คอมเมนท์: รายงานคุณภาพชีวิต..


 Copyright 2026. Bcnsprnw @Library